Psicología y educación
Tallennettuna:
| Päätekijä: | |
|---|---|
| Aineistotyyppi: | Kirja |
| Kieli: | espanja |
| Julkaistu: |
Buenos Aires
Paidos
1978
|
| Sarja: | Biblioteca de psicopedagogía Paidos, 6
|
| Aiheet: | |
| Tagit: |
Lisää tagi
Ei tageja, Lisää ensimmäinen tagi!
|
MARC
| LEADER | 00000nam a2200000 a 4500 | ||
|---|---|---|---|
| 001 | UCW5258 | ||
| 003 | CL-VaPUC | ||
| 008 | 910315e19780000AG |||||||||||||||||spa|d | ||
| 082 | 0 | 4 | |a 370.15 |b JUN |2 21 |
| 100 | |a Jung, Carl Gustav |e autor |9 311444 | ||
| 245 | 1 | 0 | |a Psicología y educación |
| 300 | |a 101 p | ||
| 942 | |c BK | ||
| 945 | |d 19910315 00:00:00 | ||
| 260 | |a Buenos Aires |b Paidos |c 1978 | ||
| 650 | 0 | |a Psicología del aprendizaje |9 306854 | |
| 583 | |a last modification |c 19910315 00:00:00 |k Rodrigo Vera | ||
| 490 | 0 | |a Biblioteca de psicopedagogía Paidos, 6 | |
| 999 | |c 218735 |d 218733 | ||
| 952 | |0 0 |1 0 |4 0 |6 370_150000000000000_JUN_1978 |7 0 |8 A |9 208786 |a BIBEDU |b BIBEDU |d 2019-11-15 |i 2766051 |l 1 |o 370.15 JUN 1978 |p 2766051 |r 2022-04-21 |s 2022-04-12 |w 2019-11-15 |y BK |k EDU | ||